Recuerdos del tiempo viejo / (Record no. 27900)

MARC details
000 -LEADER
campo de control de longitud fija 01149nam a2200277 i 4500
001 - NÚMERO DE CONTROL
campo de control 27900
003 - IDENTIFICADOR DE NÚMERO DE CONTROL
campo de control ES-MaACL
005 - FECHA Y HORA DE LA ÚLTIMA TRANSACCIÓN
campo de control 20250717063022.0
007 - CAMPO FIJO DE DESCRIPCIÓN FÍSICA--INFORMACIÓN GENERAL
campo de control de longitud fija t|
008 - DATOS DE LONGITUD FIJA--INFORMACIÓN GENERAL
campo de control de longitud fija 030115s1946 sp |||| |aspa d
100 1# - ENTRADA PRINCIPAL--NOMBRE DE PERSONA
Nombre de persona Aznar, Severino,
Fechas asociadas al nombre 1870-1959
9 (RLIN) 24307
245 10 - MENCIÓN DEL TÍTULO
Título Recuerdos del tiempo viejo /
Mención de responsabilidad, etc. por Severino Aznar.
260 ## - PUBLICACIÓN, DISTRIBUCIÓN, ETC.
Lugar de publicación, distribución, etc. [Madrid :
Nombre del editor, distribuidor, etc. s.n.,
Fecha de publicación, distribución, etc. 1946] (
Fabricante Hijos de E. Minuesa)
300 ## - DESCRIPCIÓN FÍSICA
Extensión 24 p., 1 lám. ;
Dimensiones 21 cm.
490 1# - MENCIÓN DE SERIE
Mención de serie Publicaciones del Instituto Nacional de Previsión ;
Designación de volumen o secuencia 636
500 ## - NOTA GENERAL
Nota general Precede al tít.: Instituto Nacional de Previsión.
530 ## - NOTA DISPONIBLE DE FORMULARIO FÍSICO ADICIONAL
Nota de formato físico adicional disponible Disponible en formato digital.
600 14 - PUNTO DE ACCESO ADICIONAL DE MATERIA--NOMBRE DE PERSONA
Nombre de persona Aznar, Severino,
Fechas asociadas al nombre 1870-1959
9 (RLIN) 24307
610 24 - PUNTO DE ACCESO ADICIONAL DE MATERIA--NOMBRE DE ENTIDAD CORPORATIVA
Nombre de entidad corporativa o nombre de jurisdicción como elemento de entrada Instituto Nacional de Previsión (España)
9 (RLIN) 5180
710 2# - ENTRADA AGREGADA--NOMBRE DE ENTIDAD CORPORATIVA
Nombre de entidad corporativa o nombre de jurisdicción como elemento de entrada Instituto Nacional de Previsión (España)
9 (RLIN) 5180
830 0# - PUNTO DE ACCESO ADICIONAL DE SERIE-TÍTULO UNIFORME
Título uniforme Publicaciones del Instituto Nacional de Previsión ;
Designación de volumen o secuencia 636
9 (RLIN) 181151
852 ## - LOCALIZACIÓN
Ubicación ES-MaACL
Número de control de estantería 1879-F-19
Ubicación en estantería Depósito folletos
Nota libre Revisado enlace: 19 de Abril de 2025
856 ## - LOCALIZACIÓN Y ACCESO ELECTRÓNICOS
Identificador Uniforme de Recursos <a href="http://bvingesa.mspsi.es/bvingesa/es/catalogo_imagenes/grupo.cmd?path=1000817">http://bvingesa.mspsi.es/bvingesa/es/catalogo_imagenes/grupo.cmd?path=1000817</a>
Nota pública Instituto Nacional de Gestión Sanitaria
942 ## - ELEMENTOS DE ENTRADA SECUNDARIOS (KOHA)
Fuente del sistema de clasificación o colocación Clasificación decimal universal
Holdings
Estatus retirado Estado de pérdida Estado de daño No para préstamo Colección Biblioteca de origen Biblioteca actual Ubicación en estantería Fecha de adquisición Fuente de adquisición Total de préstamos Signatura topográfica completa Código de barras Visto por última vez Precio de reemplazo Tipo de ítem Koha
        Colección de folletos Biblioteca del Ateneo de Madrid Biblioteca del Ateneo de Madrid Depósito folletos 17/01/2008     1879-F-19 1028807 23/02/2023 23/02/2023 Folleto